[Event "U14 Polish Youth Championship"]
[Site "chess24.com"]
[Date "2018.05.03"]
[Round "6"]
[White "Majdanski, Maksymilian"]
[Black "Cwiek, Ryszard"]
[Result "1/2-1/2"]
[Board "17"]
[WhiteElo "1626"]
[WhiteCountry "POL"]
[WhiteFideId "21820570"]
[WhiteEloChange "5"]
[BlackElo "1809"]
[BlackCountry "POL"]
[BlackFideId "21840920"]
[BlackEloChange "-5"]

1. d4 {[%clk 1:30:56]} d5 {[%clk 1:30:22]} 2. c4 {[%clk 1:31:18]} Bf5 {[%clk
1:29:47]} 3. cxd5 {[%clk 1:31:03]} Bxb1 {[%clk 1:29:48]} 4. Qa4+ {[%clk 1:30:21]}
c6 {[%clk 1:29:39]} 5. Rxb1 {[%clk 1:30:26]} Qxd5 {[%clk 1:29:33]} 6. Nf3 {[%clk
1:29:05]} Nd7 {[%clk 1:27:38]} 7. a3 {[%clk 1:14:51]} Nb6 {[%clk 1:11:31]} 8. Qc2
{[%clk 1:13:44]} f5 {[%clk 1:04:41]} 9. Bf4 {[%clk 1:04:45]} e6 {[%clk 1:01:03]}
10. e3 {[%clk 1:02:20]} Bd6 {[%clk 0:53:00]} 11. Ne5 {[%clk 0:49:32]} Bxe5 {[%clk
0:40:28]} 12. Bxe5 {[%clk 0:49:11]} Nf6 {[%clk 0:40:13]} 13. f3 {[%clk 0:48:07]}
Qa5+ {[%clk 0:33:33]} 14. Qc3 {[%clk 0:37:11]} Qd5 {[%clk 0:28:50]} 15. b3 {[%clk
0:33:18]} O-O {[%clk 0:27:48]} 16. Bc4 {[%clk 0:31:20]} Qd7 {[%clk 0:27:53]} 17.
O-O {[%clk 0:27:38]} Kh8 {[%clk 0:25:05]} 18. b4 {[%clk 0:17:51]} Nfd5 {[%clk
0:23:25]} 19. Bxd5 {[%clk 0:17:04]} cxd5 {[%clk 0:23:24]} 20. Rbc1 {[%clk
0:11:13]} Rac8 {[%clk 0:22:37]} 21. Qd3 {[%clk 0:11:04]} Rc4 {[%clk 0:21:59]} 22.
e4 {[%clk 0:09:53]} Rfc8 {[%clk 0:16:51]} 23. Rxc4 {[%clk 0:09:37]} Nxc4 {[%clk
0:17:05]} 24. exf5 {[%clk 0:09:27]} exf5 {[%clk 0:17:29]} 25. Re1 {[%clk
0:09:13]} Re8 {[%clk 0:16:20]} 26. Kf2 {[%clk 0:05:24]} Kg8 {[%clk 0:16:01]} 27.
f4 {[%clk 0:05:09]} g6 {[%clk 0:15:51]} 28. h4 {[%clk 0:04:24]} Qa4 {[%clk
0:14:09]} 29. Qf3 {[%clk 0:03:43]} Qc6 {[%clk 0:12:54]} 30. Rd1 {[%clk 0:02:13]}
Rd8 {[%clk 0:12:03]} 31. Qb3 {[%clk 0:00:50]} a6 {[%clk 0:11:25]} 32. a4 {[%clk
0:00:51]} b5 {[%clk 0:11:24]} 33. a5 {[%clk 0:01:16]} Kf7 {[%clk 0:11:36]} 34.
Ke2 {[%clk 0:01:12]} Nxe5 {[%clk 0:10:34]} 35. dxe5 {[%clk 0:01:41]} Ke6 {[%clk
0:10:52]} 36. Rd2 {[%clk 0:01:42]} Rc8 {[%clk 0:11:03]} 37. Ke3 {[%clk 0:01:20]}
h6 {[%clk 0:09:53]} 38. g3 {[%clk 0:01:10]} Qc4 {[%clk 0:07:31]} 39. Qxc4 {[%clk
0:01:09]} Rxc4 {[%clk 0:07:55]} 40. Rd4 {[%clk 0:01:31]} Rc3+ {[%clk 0:08:10]}
41. Rd3 {[%clk 0:01:56]} Rc2 {[%clk 0:06:56]} 42. Rd2 {[%clk 0:02:20]} Rxd2
{[%clk 0:06:56]} 43. Kxd2 {[%clk 0:02:44]} d4 {[%clk 0:06:56]} 44. Kd3 {[%clk
0:02:44]} Kd5 {[%clk 0:06:56]} 45. e6 {[%clk 0:03:08]} Kxe6 {[%clk 0:06:56]}
1/2-1/2

[Event "U14 Polish Youth Championship"]
[Site "chess24.com"]
[Date "2018.05.03"]
[Round "6"]
[White "Jozefczyk, Szymon"]
[Black "Kalkowski, Igor"]
[Result "1-0"]
[Board "18"]
[WhiteElo "1562"]
[WhiteCountry "POL"]
[WhiteFideId "21837171"]
[WhiteEloChange "14"]
[BlackElo "1720"]
[BlackCountry "POL"]
[BlackFideId "21833966"]
[BlackEloChange "-14"]

1. e4 {[%clk 1:30:55]} c5 {[%clk 1:30:54]} 2. Nf3 {[%clk 1:31:11]} a6 {[%clk
1:31:15]} 3. d4 {[%clk 1:30:27]} cxd4 {[%clk 1:31:34]} 4. Nxd4 {[%clk 1:30:03]}
Nf6 {[%clk 1:31:21]} 5. Nc3 {[%clk 1:28:31]} e5 {[%clk 1:31:20]} 6. Nb3 {[%clk
1:27:00]} Bb4 {[%clk 1:30:37]} 7. Qd3 {[%clk 1:18:04]} d5 {[%clk 1:17:18]} 8. Bg5
{[%clk 1:04:20]} Bxc3+ {[%clk 1:12:08]} 9. Qxc3 {[%clk 1:02:11]} d4 {[%clk
1:06:10]} 10. Qf3 {[%clk 0:58:40]} Nbd7 {[%clk 1:04:17]} 11. Bd3 {[%clk 0:52:15]}
h6 {[%clk 1:00:46]} 12. Bd2 {[%clk 0:50:37]} O-O {[%clk 0:52:05]} 13. Qg3 {[%clk
0:47:41]} Kh8 {[%clk 0:51:32]} 14. f3 {[%clk 0:47:02]} a5 {[%clk 0:40:47]} 15. a4
{[%clk 0:43:35]} b6 {[%clk 0:36:29]} 16. Qf2 {[%clk 0:39:58]} Nc5 {[%clk
0:33:37]} 17. Nxc5 {[%clk 0:39:14]} bxc5 {[%clk 0:33:49]} 18. g4 {[%clk 0:38:54]}
Qb6 {[%clk 0:29:14]} 19. b3 {[%clk 0:37:04]} Ne8 {[%clk 0:25:07]} 20. Qh4 {[%clk
0:33:05]} Kg8 {[%clk 0:13:58]} 21. Rg1 {[%clk 0:29:27]} g5 {[%clk 0:08:04]} 22.
Bxg5 {[%clk 0:13:45]} hxg5 {[%clk 0:08:22]} 23. Qxg5+ {[%clk 0:14:06]} Qg6 {[%clk
0:06:47]} 24. Qxe5 {[%clk 0:13:59]} Qh6 {[%clk 0:04:59]} 25. g5 {[%clk 0:11:46]}
Qh4+ {[%clk 0:05:07]} 26. Ke2 {[%clk 0:10:03]} Ba6 {[%clk 0:03:53]} 27. g6 {[%clk
0:08:51]} Bxd3+ {[%clk 0:04:19]} 28. cxd3 {[%clk 0:09:09]} f6 {[%clk 0:03:38]}
29. Qd5+ {[%clk 0:07:43]} Kh8 {[%clk 0:03:34]} 30. Qxa8 {[%clk 0:07:04]} Qf4
{[%clk 0:00:35]} 31. g7+ {[%clk 0:06:45]} Kg8 {[%clk 0:00:32]} 32. gxf8Q+ {[%clk
0:05:23]} Kxf8 {[%clk 0:01:00]} 33. Rg8+ {[%clk 0:05:31]} Kxg8 {[%clk 0:01:13]}
34. Qxe8+ {[%clk 0:05:56]} Kh7 {[%clk 0:01:29]} 35. Qh5+ {[%clk 0:06:17]} Kg7
{[%clk 0:01:46]} 36. Qg4+ {[%clk 0:06:43]} 1-0

[Event "U14 Polish Youth Championship"]
[Site "chess24.com"]
[Date "2018.05.03"]
[Round "6"]
[White "Haliniak, Wojciech"]
[Black "Kietrys, Maciej"]
[Result "0-1"]
[Board "19"]
[WhiteElo "1614"]
[WhiteCountry "POL"]
[WhiteFideId "21838461"]
[WhiteEloChange "-8"]
[BlackElo "1699"]
[BlackCountry "POL"]
[BlackFideId "21820732"]
[BlackEloChange "8"]

1. e4 {[%clk 1:30:57]} e5 {[%clk 1:30:33]} 2. Nf3 {[%clk 1:31:21]} Nc6 {[%clk
1:30:40]} 3. Bb5 {[%clk 1:31:45]} Nf6 {[%clk 1:30:07]} 4. O-O {[%clk 1:32:04]}
Bc5 {[%clk 1:26:27]} 5. Re1 {[%clk 1:25:27]} O-O {[%clk 1:24:19]} 6. c3 {[%clk
1:22:44]} d6 {[%clk 1:14:14]} 7. h3 {[%clk 1:20:45]} a6 {[%clk 1:12:22]} 8. Bxc6
{[%clk 1:18:07]} bxc6 {[%clk 1:09:35]} 9. d4 {[%clk 1:16:19]} exd4 {[%clk
1:09:47]} 10. cxd4 {[%clk 1:16:09]} Bb4 {[%clk 1:09:21]} 11. Nc3 {[%clk 1:14:09]}
d5 {[%clk 1:06:55]} 12. e5 {[%clk 1:08:33]} Bxc3 {[%clk 1:01:29]} 13. bxc3 {[%clk
1:02:37]} Ne4 {[%clk 1:01:11]} 14. Qd3 {[%clk 0:59:59]} a5 {[%clk 0:58:47]} 15.
Nd2 {[%clk 0:52:20]} Bf5 {[%clk 0:56:11]} 16. Nxe4 {[%clk 0:45:07]} Bxe4 {[%clk
0:55:39]} 17. Qg3 {[%clk 0:45:03]} Qd7 {[%clk 0:53:40]} 18. Bg5 {[%clk 0:40:03]}
Bg6 {[%clk 0:53:04]} 19. Qh4 {[%clk 0:37:05]} Rab8 {[%clk 0:45:32]} 20. g4 {[%clk
0:35:32]} Rb2 {[%clk 0:37:21]} 21. f4 {[%clk 0:34:23]} Be4 {[%clk 0:34:06]} 22.
f5 {[%clk 0:28:09]} c5 {[%clk 0:31:00]} 23. a4 {[%clk 0:20:51]} cxd4 {[%clk
0:27:58]} 24. f6 {[%clk 0:12:11]} Qc6 {[%clk 0:26:19]} 25. Rxe4 {[%clk 0:11:43]}
dxe4 {[%clk 0:26:14]} 26. Bc1 {[%clk 0:11:33]} Qxc3 {[%clk 0:23:31]} 27. Bxb2
{[%clk 0:11:12]} Qxb2 {[%clk 0:23:11]} 28. Rf1 {[%clk 0:10:56]} Qd2 {[%clk
0:21:03]} 29. fxg7 {[%clk 0:09:59]} Qe3+ {[%clk 0:20:23]} 30. Kg2 {[%clk
0:10:20]} Rb8 {[%clk 0:14:50]} 31. Kh1 {[%clk 0:07:50]} Qd3 {[%clk 0:11:36]} 32.
Rxf7 {[%clk 0:05:59]} Kxf7 {[%clk 0:06:21]} 33. Qf6+ {[%clk 0:05:15]} Kg8 {[%clk
0:06:44]} 34. Qe6+ {[%clk 0:05:25]} Kxg7 {[%clk 0:07:10]} 35. Qe7+ {[%clk
0:03:49]} Kg8 {[%clk 0:06:53]} 36. Qg5+ {[%clk 0:03:33]} Kf7 {[%clk 0:05:54]} 37.
Qf6+ {[%clk 0:03:06]} Ke8 {[%clk 0:04:58]} 38. Qc6+ {[%clk 0:02:31]} Kd8 {[%clk
0:04:44]} 39. Qd5+ {[%clk 0:01:56]} Kc8 {[%clk 0:04:42]} 40. Qg8+ {[%clk
0:01:48]} Kb7 {[%clk 0:04:31]} 41. Qd5+ {[%clk 0:02:02]} Kb6 {[%clk 0:03:28]} 42.
Qe6+ {[%clk 0:02:14]} c6 {[%clk 0:03:50]} 43. Qd6 {[%clk 0:02:17]} Qxh3+ {[%clk
0:02:34]} 44. Kg1 {[%clk 0:02:46]} Qxg4+ {[%clk 0:02:40]} 45. Kf1 {[%clk
0:03:07]} Rf8+ {[%clk 0:02:17]} 0-1

[Event "U14 Polish Youth Championship"]
[Site "chess24.com"]
[Date "2018.05.03"]
[Round "6"]
[White "Panek, Bartosz"]
[Black "Wasik, Mateusz"]
[Result "1/2-1/2"]
[Board "20"]
[WhiteElo "1688"]
[WhiteCountry "POL"]
[WhiteFideId "1198220"]
[WhiteEloChange "-2"]
[BlackElo "1624"]
[BlackCountry "POL"]
[BlackFideId "21867666"]
[BlackEloChange "2"]

1. d4 {[%clk 1:30:57]} d5 {[%clk 1:30:54]} 2. c4 {[%clk 1:31:00]} e6 {[%clk
1:31:19]} 3. Nc3 {[%clk 1:31:22]} Nf6 {[%clk 1:31:42]} 4. cxd5 {[%clk 1:31:45]}
exd5 {[%clk 1:32:07]} 5. Bg5 {[%clk 1:32:08]} Be7 {[%clk 1:32:32]} 6. e3 {[%clk
1:32:30]} O-O {[%clk 1:32:17]} 7. Bd3 {[%clk 1:32:56]} Nbd7 {[%clk 1:32:31]} 8.
Qc2 {[%clk 1:33:08]} Re8 {[%clk 1:31:45]} 9. h3 {[%clk 1:33:18]} Nf8 {[%clk
1:31:56]} 10. Bf4 {[%clk 1:33:06]} Ne6 {[%clk 1:31:35]} 11. Bh2 {[%clk 1:33:22]}
g6 {[%clk 1:30:42]} 12. Nf3 {[%clk 1:33:32]} c6 {[%clk 1:30:06]} 13. O-O-O {[%clk
1:26:47]} b5 {[%clk 1:29:45]} 14. Ne5 {[%clk 1:26:29]} Bb7 {[%clk 1:29:54]} 15.
f4 {[%clk 1:26:38]} Rc8 {[%clk 1:29:01]} 16. Kb1 {[%clk 1:26:07]} b4 {[%clk
1:28:54]} 17. Na4 {[%clk 1:26:09]} Qa5 {[%clk 1:29:02]} 18. f5 {[%clk 1:24:51]}
Ng5 {[%clk 1:21:59]} 19. fxg6 {[%clk 1:23:52]} hxg6 {[%clk 1:20:08]} 20. Bxg6
{[%clk 1:18:17]} Nfe4 {[%clk 1:18:37]} 21. Bf5 {[%clk 1:13:30]} Rc7 {[%clk
1:18:10]} 22. h4 {[%clk 1:04:18]} Ne6 {[%clk 1:17:33]} 23. Qe2 {[%clk 0:34:54]}
Ng7 {[%clk 1:15:46]} 24. Bxe4 {[%clk 0:33:29]} dxe4 {[%clk 1:14:49]} 25. Nc4
{[%clk 0:32:22]} Qxa4 {[%clk 1:13:44]} 26. b3 {[%clk 0:32:32]} Qb5 {[%clk
1:13:20]} 27. Bxc7 {[%clk 0:32:54]} Ba6 {[%clk 1:13:37]} 28. Qg4 {[%clk 0:32:33]}
Qd5 {[%clk 1:12:54]} 29. Rc1 {[%clk 0:29:05]} c5 {[%clk 1:11:59]} 30. Rhd1 {[%clk
0:28:40]} Bc8 {[%clk 1:11:41]} 31. Qg3 {[%clk 0:28:31]} Qh5 {[%clk 1:11:51]} 32.
Be5 {[%clk 0:27:09]} f6 {[%clk 1:11:32]} 33. Bd6 {[%clk 0:26:41]} Bg4 {[%clk
1:11:37]} 34. Rd2 {[%clk 0:22:07]} Nf5 {[%clk 1:10:54]} 35. Qf4 {[%clk 0:22:29]}
cxd4 {[%clk 1:10:28]} 36. exd4 {[%clk 0:18:48]} e3 {[%clk 1:08:10]} 37. Rd3
{[%clk 0:18:20]} Be2 {[%clk 0:30:30]} 38. Rxe3 {[%clk 0:05:17]} Nxe3 {[%clk
0:30:42]} 39. Nxe3 {[%clk 0:05:33]} Bxd6 {[%clk 0:30:13]} 40. Qxd6 {[%clk
0:05:57]} Rxe3 {[%clk 0:30:11]} 41. Rc8+ {[%clk 0:06:21]} Re8 {[%clk 0:21:03]}
42. Qe6+ {[%clk 0:07:02]} Kf8 {[%clk 0:19:01]} 43. Qxf6+ {[%clk 0:05:26]} Kg8
{[%clk 0:19:17]} 44. Qe6+ {[%clk 0:05:39]} Kf8 {[%clk 0:19:11]} 45. Qf6+ {[%clk
0:05:17]} Kg8 {[%clk 0:16:51]} 46. Qe6+ {[%clk 0:05:29]} Kf8 {[%clk 0:16:53]} 47.
Qxe8+ {[%clk 0:03:46]} Qxe8 {[%clk 0:17:14]} 48. Rxe8+ {[%clk 0:04:12]} Kxe8
{[%clk 0:17:37]} 49. a3 {[%clk 0:04:35]} Bd3+ {[%clk 0:13:58]} 50. Kb2 {[%clk
0:04:40]} a5 {[%clk 0:14:16]} 51. axb4 {[%clk 0:05:03]} axb4 {[%clk 0:14:37]} 52.
Kc1 {[%clk 0:02:02]} Ke7 {[%clk 0:13:52]} 53. Kd2 {[%clk 0:01:43]} Bf5 {[%clk
0:11:32]} 54. Ke3 {[%clk 0:02:12]} Kf6 {[%clk 0:10:21]} 55. h5 {[%clk 0:00:34]}
Bc2 {[%clk 0:09:27]} 56. d5 {[%clk 0:00:57]} Ke5 {[%clk 0:07:33]} 57. d6 {[%clk
0:01:24]} Kxd6 {[%clk 0:07:50]} 58. Kd4 {[%clk 0:01:52]} Bxb3 {[%clk 0:07:31]}
59. h6 {[%clk 0:02:18]} Bg8 {[%clk 0:06:46]} 60. h7 {[%clk 0:02:45]} Bxh7 {[%clk
0:07:08]} 61. Kc4 {[%clk 0:03:11]} Ke5 {[%clk 0:06:38]} 1/2-1/2

[Event "U14 Polish Youth Championship"]
[Site "chess24.com"]
[Date "2018.05.03"]
[Round "6"]
[White "Kacprzak, Kacper"]
[Black "Jozefik, Aleksander"]
[Result "1-0"]
[Board "21"]
[WhiteElo "1668"]
[WhiteCountry "POL"]
[WhiteFideId "21819319"]
[WhiteEloChange "2"]
[BlackElo "1266"]
[BlackCountry "POL"]
[BlackFideId "21862184"]
[BlackEloChange "-2"]

1. e4 {[%clk 1:30:56]} e5 {[%clk 1:30:11]} 2. Nf3 {[%clk 1:31:05]} Nc6 {[%clk
1:30:09]} 3. d4 {[%clk 1:30:06]} exd4 {[%clk 1:29:42]} 4. Bc4 {[%clk 1:30:04]}
Nf6 {[%clk 1:28:42]} 5. e5 {[%clk 1:29:23]} d5 {[%clk 1:27:24]} 6. Bb5 {[%clk
1:29:48]} Ne4 {[%clk 1:27:41]} 7. Nxd4 {[%clk 1:30:11]} Bc5 {[%clk 1:28:08]} 8.
O-O {[%clk 1:28:20]} Bd7 {[%clk 1:26:13]} 9. Bxc6 {[%clk 1:28:40]} bxc6 {[%clk
1:24:59]} 10. c3 {[%clk 1:26:58]} O-O {[%clk 1:22:58]} 11. Be3 {[%clk 1:27:15]}
Bb6 {[%clk 1:21:57]} 12. Nd2 {[%clk 1:24:48]} Nxd2 {[%clk 1:17:38]} 13. Qxd2
{[%clk 1:25:05]} Re8 {[%clk 1:17:20]} 14. Bg5 {[%clk 1:23:16]} Qc8 {[%clk
1:15:20]} 15. Rfe1 {[%clk 1:21:54]} h6 {[%clk 1:15:15]} 16. Bh4 {[%clk 1:21:26]}
Rb8 {[%clk 1:12:43]} 17. b4 {[%clk 1:09:47]} Qb7 {[%clk 1:06:41]} 18. Rab1 {[%clk
1:08:24]} Bxd4 {[%clk 1:03:50]} 19. Qxd4 {[%clk 1:07:45]} Qb6 {[%clk 1:03:07]}
20. Qd3 {[%clk 1:06:07]} Qb5 {[%clk 0:56:57]} 21. Qg3 {[%clk 1:04:13]} Qc4 {[%clk
0:52:34]} 22. f4 {[%clk 1:01:13]} Bf5 {[%clk 0:50:10]} 23. Rbd1 {[%clk 1:00:26]}
Kh8 {[%clk 0:40:40]} 24. Qe3 {[%clk 0:58:56]} Qa6 {[%clk 0:38:41]} 25. Bf2 {[%clk
0:57:30]} Rb7 {[%clk 0:38:28]} 26. Rd2 {[%clk 0:56:44]} Be4 {[%clk 0:35:19]} 27.
g4 {[%clk 0:54:51]} Re6 {[%clk 0:30:21]} 28. Bg3 {[%clk 0:55:03]} Qb6 {[%clk
0:30:12]} 29. Kf2 {[%clk 0:51:30]} Kg8 {[%clk 0:30:01]} 30. f5 {[%clk 0:50:21]}
Qxe3+ {[%clk 0:30:17]} 31. Kxe3 {[%clk 0:50:34]} Re8 {[%clk 0:30:25]} 32. h4
{[%clk 0:50:21]} Kf8 {[%clk 0:30:37]} 33. Kf4 {[%clk 0:50:41]} Ke7 {[%clk
0:29:35]} 34. Bf2 {[%clk 0:51:00]} a6 {[%clk 0:29:50]} 35. Bc5+ {[%clk 0:51:24]}
Kd7 {[%clk 0:30:10]} 36. Rxe4 {[%clk 0:51:49]} Kc8 {[%clk 0:30:21]} 37. Re1
{[%clk 0:52:11]} Rb5 {[%clk 0:30:41]} 38. a4 {[%clk 0:52:35]} Rb7 {[%clk
0:31:05]} 39. a5 {[%clk 0:52:58]} g6 {[%clk 0:31:11]} 40. g5 {[%clk 0:53:12]}
hxg5+ {[%clk 0:31:32]} 41. Kxg5 {[%clk 0:53:20]} gxf5 {[%clk 0:31:53]} 42. Kxf5
{[%clk 0:53:45]} Rh8 {[%clk 0:32:18]} 43. e6 {[%clk 0:53:02]} fxe6+ {[%clk
0:32:41]} 44. Rxe6 {[%clk 0:53:22]} Rb8 {[%clk 0:33:03]} 45. Kg5 {[%clk 0:52:38]}
Kb7 {[%clk 0:33:29]} 46. h5 {[%clk 0:52:49]} Rbg8+ {[%clk 0:33:54]} 47. Rg6
{[%clk 0:53:12]} Re8 {[%clk 0:34:19]} 48. Bd4 {[%clk 0:52:40]} Rhf8 {[%clk
0:34:36]} 49. h6 {[%clk 0:52:51]} Rf1 {[%clk 0:34:58]} 50. h7 {[%clk 0:52:54]}
Rh1 {[%clk 0:35:17]} 51. Rh6 {[%clk 0:52:56]} Rxh6 {[%clk 0:35:33]} 52. Kxh6
{[%clk 0:53:21]} c5 {[%clk 0:35:59]} 53. h8Q {[%clk 0:53:38]} Rxh8+ {[%clk
0:36:26]} 54. Bxh8 {[%clk 0:54:01]} cxb4 {[%clk 0:36:51]} 55. cxb4 {[%clk
0:54:23]} c5 {[%clk 0:37:17]} 56. bxc5 {[%clk 0:54:39]} Kc6 {[%clk 0:37:43]} 57.
Bd4 {[%clk 0:54:35]} 1-0

[Event "U14 Polish Youth Championship"]
[Site "chess24.com"]
[Date "2018.05.03"]
[Round "6"]
[White "Czarniecki, Pawel"]
[Black "Topola, Rafal"]
[Result "1/2-1/2"]
[Board "22"]
[WhiteElo "1412"]
[WhiteCountry "POL"]
[WhiteFideId "21810109"]
[WhiteEloChange "6"]
[BlackElo "1660"]
[BlackCountry "POL"]
[BlackFideId "21830533"]
[BlackEloChange "-6"]

1. e4 {[%clk 1:30:57]} c5 {[%clk 1:30:56]} 2. Nf3 {[%clk 1:31:23]} e6 {[%clk
1:31:22]} 3. d4 {[%clk 1:31:48]} cxd4 {[%clk 1:31:49]} 4. Nxd4 {[%clk 1:32:13]}
Nc6 {[%clk 1:32:15]} 5. Be3 {[%clk 1:32:20]} Qc7 {[%clk 1:32:29]} 6. Bd3 {[%clk
1:31:31]} a6 {[%clk 1:32:06]} 7. O-O {[%clk 1:31:40]} Nf6 {[%clk 1:32:19]} 8. Kh1
{[%clk 1:31:18]} d5 {[%clk 1:31:40]} 9. Nc3 {[%clk 1:29:14]} Nb4 {[%clk 1:29:48]}
10. exd5 {[%clk 1:25:44]} Nbxd5 {[%clk 1:29:37]} 11. Bd2 {[%clk 1:24:50]} Bc5
{[%clk 1:29:09]} 12. Nb3 {[%clk 1:23:06]} Bd6 {[%clk 1:28:39]} 13. Nxd5 {[%clk
1:18:51]} Nxd5 {[%clk 1:28:49]} 14. Re1 {[%clk 1:18:53]} O-O {[%clk 1:12:58]} 15.
Qh5 {[%clk 1:10:51]} g6 {[%clk 1:12:49]} 16. Qh4 {[%clk 1:10:07]} Be5 {[%clk
1:10:41]} 17. Nd4 {[%clk 1:06:26]} Bf6 {[%clk 1:03:38]} 18. Bg5 {[%clk 1:04:22]}
Bxg5 {[%clk 1:03:12]} 19. Qxg5 {[%clk 1:04:38]} Qf4 {[%clk 1:03:22]} 20. Qxf4
{[%clk 1:02:35]} Nxf4 {[%clk 1:03:44]} 21. Be4 {[%clk 1:02:15]} e5 {[%clk
1:01:18]} 22. Nb3 {[%clk 0:58:18]} f5 {[%clk 1:01:30]} 23. Bd3 {[%clk 0:58:10]}
Nxd3 {[%clk 0:59:46]} 24. cxd3 {[%clk 0:58:32]} Re8 {[%clk 0:59:36]} 25. f4
{[%clk 0:55:13]} e4 {[%clk 0:59:48]} 26. dxe4 {[%clk 0:54:53]} fxe4 {[%clk
1:00:17]} 27. Nc5 {[%clk 0:54:04]} Bf5 {[%clk 0:57:09]} 28. Nxb7 {[%clk 0:51:53]}
Reb8 {[%clk 0:57:35]} 29. Nd6 {[%clk 0:52:07]} Rxb2 {[%clk 0:57:55]} 30. Nxe4
{[%clk 0:52:17]} Bxe4 {[%clk 0:57:04]} 31. Rxe4 {[%clk 0:52:39]} Rd8 {[%clk
0:57:22]} 32. a4 {[%clk 0:48:53]} Rdd2 {[%clk 0:55:37]} 33. Rg1 {[%clk 0:49:04]}
Kf7 {[%clk 0:55:37]} 34. Rc4 {[%clk 0:46:33]} Ra2 {[%clk 0:54:59]} 35. Rc7+
{[%clk 0:41:56]} Kf8 {[%clk 0:55:20]} 36. Rxh7 {[%clk 0:41:16]} Rxa4 {[%clk
0:53:31]} 37. Rb1 {[%clk 0:40:21]} Rb4 {[%clk 0:50:43]} 38. Rc1 {[%clk 0:40:36]}
Rc4 {[%clk 0:50:05]} 39. Rb1 {[%clk 0:40:24]} Rb4 {[%clk 0:49:47]} 40. Rc1 {[%clk
0:40:47]} Rc4 {[%clk 0:50:11]} 41. Rb1 {[%clk 0:41:00]} Rb2 {[%clk 0:50:26]} 42.
Rd1 {[%clk 0:41:03]} Rd2 {[%clk 0:50:38]} 43. Rb1 {[%clk 0:41:27]} Rb2 {[%clk
0:51:03]} 44. Rd1 {[%clk 0:41:40]} Rd2 {[%clk 0:51:30]} 45. Rb1 {[%clk 0:42:04]}
Rb2 {[%clk 0:51:47]} 46. Rd1 {[%clk 0:42:24]} Rd2 {[%clk 0:52:12]} 47. Rb1 {[%clk
0:42:45]} Rb2 {[%clk 0:52:38]} 1/2-1/2

[Event "U14 Polish Youth Championship"]
[Site "chess24.com"]
[Date "2018.05.03"]
[Round "6"]
[White "Trybus, Daniel"]
[Black "Kozlowski, Michal"]
[Result "0-1"]
[Board "23"]
[WhiteElo "1831"]
[WhiteCountry "POL"]
[WhiteFideId "21816131"]
[WhiteEloChange "-15"]
[BlackElo "1648"]
[BlackCountry "POL"]
[BlackFideId "21838194"]
[BlackEloChange "15"]

1. g3 {[%clk 1:30:56]} g6 {[%clk 1:28:27]} 2. Bg2 {[%clk 1:30:06]} Bg7 {[%clk
1:28:51]} 3. Nf3 {[%clk 1:30:10]} Nf6 {[%clk 1:28:37]} 4. O-O {[%clk 1:30:32]}
O-O {[%clk 1:28:12]} 5. d3 {[%clk 1:30:10]} d5 {[%clk 1:24:25]} 6. Nbd2 {[%clk
1:29:49]} c6 {[%clk 1:19:00]} 7. e4 {[%clk 1:29:28]} dxe4 {[%clk 1:17:40]} 8.
dxe4 {[%clk 1:29:32]} Nbd7 {[%clk 1:12:29]} 9. Qe2 {[%clk 1:28:17]} Qc7 {[%clk
1:08:49]} 10. Nc4 {[%clk 1:26:38]} b5 {[%clk 1:00:45]} 11. Bf4 {[%clk 1:23:53]}
Qb7 {[%clk 0:59:20]} 12. Na5 {[%clk 1:21:10]} Qb6 {[%clk 0:53:31]} 13. Nb3 {[%clk
1:20:55]} Nh5 {[%clk 0:48:52]} 14. Be3 {[%clk 1:18:00]} Qc7 {[%clk 0:48:19]} 15.
Nfd4 {[%clk 1:14:16]} e5 {[%clk 0:43:47]} 16. Nf3 {[%clk 1:11:03]} Bb7 {[%clk
0:34:56]} 17. Rad1 {[%clk 1:06:59]} Rfd8 {[%clk 0:30:40]} 18. c4 {[%clk 0:59:39]}
b4 {[%clk 0:20:32]} 19. Qc2 {[%clk 0:57:08]} Nhf6 {[%clk 0:15:02]} 20. Rd2 {[%clk
0:54:49]} Ng4 {[%clk 0:11:14]} 21. Bg5 {[%clk 0:52:59]} Bf6 {[%clk 0:09:50]} 22.
Bxf6 {[%clk 0:52:32]} Ngxf6 {[%clk 0:10:16]} 23. Rfd1 {[%clk 0:46:46]} c5 {[%clk
0:09:51]} 24. Ne1 {[%clk 0:46:21]} a5 {[%clk 0:09:37]} 25. Qd3 {[%clk 0:43:04]}
a4 {[%clk 0:09:55]} 26. Nc1 {[%clk 0:43:20]} Kg7 {[%clk 0:09:58]} 27. f3 {[%clk
0:43:17]} Nb6 {[%clk 0:08:58]} 28. Qe2 {[%clk 0:31:34]} Rxd2 {[%clk 0:09:10]} 29.
Rxd2 {[%clk 0:30:58]} Rd8 {[%clk 0:09:36]} 30. Rc2 {[%clk 0:30:22]} Rd4 {[%clk
0:09:16]} 31. b3 {[%clk 0:29:16]} Qd6 {[%clk 0:09:36]} 32. Ncd3 {[%clk 0:28:32]}
Qc7 {[%clk 0:08:52]} 33. Rd2 {[%clk 0:27:36]} Rd8 {[%clk 0:07:49]} 34. Nc2 {[%clk
0:27:37]} axb3 {[%clk 0:07:38]} 35. axb3 {[%clk 0:27:51]} Ra8 {[%clk 0:07:28]}
36. Kf2 {[%clk 0:26:47]} Nbd7 {[%clk 0:07:09]} 37. Qd1 {[%clk 0:25:34]} Nf8
{[%clk 0:07:06]} 38. Ne3 {[%clk 0:24:05]} Ne6 {[%clk 0:07:00]} 39. Nd5 {[%clk
0:21:23]} Bxd5 {[%clk 0:06:54]} 40. exd5 {[%clk 0:21:18]} Nd4 {[%clk 0:07:18]}
41. f4 {[%clk 0:20:42]} e4 {[%clk 0:07:37]} 42. Nxb4 {[%clk 0:17:51]} e3+ {[%clk
0:06:48]} 43. Kxe3 {[%clk 0:14:52]} Nf5+ {[%clk 0:07:06]} 44. Kf2 {[%clk
0:08:09]} cxb4 {[%clk 0:07:24]} 45. Kg1 {[%clk 0:07:11]} Ne3 {[%clk 0:06:53]} 46.
Qe1 {[%clk 0:07:03]} Re8 {[%clk 0:05:24]} 47. Re2 {[%clk 0:05:19]} Qc5 {[%clk
0:04:42]} 48. Kh1 {[%clk 0:05:22]} Neg4 {[%clk 0:03:25]} 49. h3 {[%clk 0:04:12]}
Rxe2 {[%clk 0:03:22]} 50. Qxe2 {[%clk 0:04:20]} Ne3 {[%clk 0:03:24]} 51. Bf3
{[%clk 0:04:05]} Nf5 {[%clk 0:03:35]} 52. Kh2 {[%clk 0:03:33]} Qd4 {[%clk
0:02:45]} 53. Bg4 {[%clk 0:02:01]} Nd6 {[%clk 0:01:40]} 54. Qe5 {[%clk 0:01:00]}
Qf2+ {[%clk 0:01:57]} 55. Kh1 {[%clk 0:01:15]} Ne4 {[%clk 0:02:18]} 0-1